• 首页
  • 本馆介绍
  • 公告通知
  • 最新文献
  • 馆藏检索
  • 电子资源
  • 读者导购
  • 参考咨询
  • 我的图书馆
  • 登录
  • 详细信息显示
  • 放入我的书架
  • 预约/预借图书
  • 作者相关作品
  • 分类相关作品
  • 丛书相关作品
  • 出版社相关作品

书目信息

  • 表格格式
  • 工作单格式
  • 卡片格式
题名:
金史纪事本末
    
 
作者: 李有棠 著
分册: 第二册  
出版信息: 北京   中华书局  1980.6
页数: 624页
开本: 20cm
丛书名:
单 册:
中图分类: K246.4
科图分类:
主题词: 中国--历史
电子资源:
ISBN:
000 00646nam0 2200217 45
001 0312221749
005 20040506085747.2
010    @dCNY3.40
091    @a11018.841
100    @a20031222d1980 km y0chiy0120 ea
101    @achi
105    @a z 000yy
200 1  @a金史纪事本末@h第二册@AJin Shi Ji Shi Ben Mo@f李有棠著@FLi You Tang Zhu@e卷一四至卷三六@EJuan Yi Si Zhi Juan San Liu
210    @a北京@c中华书局@d1980.6
215    @a624页@d20cm
517    @a卷一四至卷三六@AJuan Yi Si Zhi Juan San Liu
606 0  @a中国@x历史
690    @aK246.4@v3
701 0  @a李有棠@4著
801    @aCN@bTSTCL@c20031222
905    @dK246.4@e13:2@f1@b179760
    
    金史纪事本末.第二册/李有棠著:卷一四至卷三六.-北京:中华书局,1980.6
    624页;20cm
    
    
    ISBN :CNY3.40
    
●
相关链接 在E读中查询图书 在五车中查询图书 在当当中查询图书 在豆瓣中查询图书


正题名:金史纪事本末     索取号:K246.4/13:2         预约/预借

序号 登录号 条形码 馆藏地/架位号 状态 备注
1 0047757   202119876   第二样本阅览室/ [索取号:K246.4/13:2] 在馆    
2 0047758   001125856   密集书库/ [索取号:K246.4/13:2] 在馆    
3 0047759   001125927   密集书库/ [索取号:K246.4/13:2] 在馆    
4 0179760   000644468   第二借阅区/ [索取号:K246.4/13:2] 在馆    
唐山师范学院图书馆 欢迎您!
大连网信软件有限公司© 版权所有